000 00489nam a2200193Ia 4500
005 20250508165611.0
008 008 250505s9999 xx 000 0 eng d
037 _aTextual
040 _aFEDL
_beng
_cFEDL
041 _aeng
_2eng
084 _qFEDL
100 _aMcDonald Timothy
_9781335
245 0 _aIllustrated novell net ware
260 _aNew Delhi, India
_bBPB publication
_c1989
300 _a237 p.
365 _aINR
_b75
942 _cTEXL
999 _c1396124
_d1396124